| 000 | 00477nam a2200205Ia 4500 | ||
|---|---|---|---|
| 005 | 20240823062019.0 | ||
| 008 | 240823s9999||||xx |||||||||||||| ||und|| | ||
| 020 | _a978-0-143-41687-6 | ||
| 041 | _aENGLISH | ||
| 082 | _A629.40954 Q1 | ||
| 100 | _aAbdul Kalam A P J | ||
| 245 | 4 | _aThe Scientific Indian | |
| 250 | _a1st | ||
| 260 |
_c2011 _b"Penguin Books,En" |
||
| 500 | _aYES | ||
| 650 |
_aGeneral _bGeneral |
||
| 700 | _aRajan Y S | ||
| 942 | _cBK | ||
| 999 |
_c234886 _d234886 |
||